Quizzes
Events
Quiz Creation
Community
Videos
Private Events
Remove Ads
Sign In
Join for FREE
Feedback
Dark Mode
Quiz Categories
Sports
Geography
Music
Movies
Television
Just For Fun
Miscellaneous
History
Literature
Language
Science
Gaming
Entertainment
Religion
Holiday
For Kids
Quiz Lab
Recent
Popular Today
Quiz Kudos Today
Editor Picks
Curator Picks
Quizzes by...
Day
Popularity
Type
Ratings
Length
Year
Community
Subscriptions
Recent Discussions
Orange Saloon
Badges
Playlists
Quests
Create
Leaderboards
Showdown
Live 5
Trivia Bingo
Activity
Puzzle Library
Sporcle Events
Private Events
Virtual Trivia
Globe League
Become a Host
Pub Owners
SporcleCon
Opinionation
Our Games
Videos
Blog
Mobile Apps
Partnerships
Remove Ads and Go Orange
Feedback
Gaming
Video Games
Board Games
Card Games
Pokémon
Mario
Nintendo
Minecraft
Console
Toys
Legend of Zelda
Gaming
Video Games
Board Games
Card Games
Pokémon
Mario
Nintendo
Minecraft
Console
Toys
Legend of Zelda
Random Quiz
Search Sporcle
×
Quiz Lab
Quiz Lab
Gaming
Sega Genesis
Type in answers that appear in a list
Type in answers that appear in a list
Classic
Best Score? Go Orange.
Bosses of Gunstar Heroes Stats
Can you name the bosses from the Sega Genesis game Gunstar Heroes?
By
BluePikmin
6m
36 Questions
188 Plays
188 Plays
188 Plays
Comments
Comments
Give Quiz Kudos
Give Quiz Kudos
-
- Ratings
hide this ad
Replay
Link that replays current quiz
Next Quiz
Link to next quiz in quiz playlist
You Got
0%
They Got
Avg Score
48%
Avg Friend Score
Upgrade to see
Score Distribution
Jump to the score distribution portion of the page
Score
0/36
Timer
06:00
0
Plays Today
Stage
WARNING: Boss is Approaching
% Correct
Flying Battleship
Orange
79.1%
Empire Space Craft
Orange
79.1%
Underground Mine
Seven Force
78.6%
Outer Space
Seven Force
78.6%
Empire Space Craft
Green
72.7%
Empire Space Craft (Here comes the climax!)
Golden Silver
67.9%
Underground Mine
Crab Force
64.2%
Ancient Ruins
Bravoo Man
59.4%
Underground Mine
Urchin Force
58.3%
Underground Mine
Tiger Force
57.8%
Dice Palace
Melon Bread
57.8%
Ancient Ruins
Pinky Roader
56.1%
Underground Mine
Eagle Force
55.1%
Dice Palace
Curry and Rice
52.9%
Dice Palace
Timeron
52.4%
Outer Space
Timeron
52.4%
Dice Palace
Minion Soldier
50.3%
Ancient Ruins
Papaya Dance
49.7%
Stage
WARNING: Boss is Approaching
% Correct
Underground Mine
Soldier Force
49.7%
Empire Space Base
Smash Daisaku
47.1%
Underground Mine
Tails Force
45.5%
Underground Mine
Blaster Force
45.5%
Empire Space Craft
Pink Lobster
42.8%
Dice Palace
Phantom
38%
Empire Space Craft
Black Fly
36.9%
Dice Palace
Pit
34.8%
Empire Space Base
Final Great Soldier
33.7%
Dice Palace
Valvalion
32.6%
Dice Palace
Black Beat Stepper
31.6%
Flying Battleship
Swapping Reg
29.9%
Dice Palace
Vortex Base
29.9%
Dice Palace
Super Gondola
27.8%
Empire Space Craft
Duck Battalion
27.8%
Outer Space
1000mm Gun
27.3%
Dice Palace
Abarenbou Gel
22.5%
Outer Space
Core Guard System
21.9%
Quiz Playlist
Details
Report
Send in Message
Add To Playlist
Classic:
Type in answers that appear in a list
Last Updated: Feb 16, 2017
Quiz Scoreboard
CHALLENGE
Sign Up to Join the Scoreboard
Show All
Scores
Hide
Comments
May contain spoilers
Recently Published
Movies - When Are They Set?
by FPL_Elf
Movies
5m
Popular People in 1961
by mucciniale
History
6m
1-10 Letter E Words III
by El_Dandy
Language
2m
More to Explore
Quiz From the Vault
Featured Blog Post
Where Did the Easter Bunny Come From?
hide this ad
You Might Also Like...
Tags
Action
boss
genesis
Here
sega
Sega Genesis
stage
Warning
Today's Top Quizzes in Gaming
Browse Gaming
hide this ad
Today's Top Quizzes in Sega Genesis
Browse Sega Genesis
Top Contributed Quizzes in Gaming
1
Destiny 2 exotic weapons by perk icons
2
Ultimate Genshin Impact Logic Puzzle (up to 4.3)
3
Genshin Impact Logic Puzzle Quiz
4
Who's on the WWE 2K24 Cover?
5
Windmill: Pokémon
6
Franchise by Action Figure
7
Legendary or Exotic?
8
Overwatch 2: Ultimate Ability Icons
9
Overwatch 2 Heroes by Selection Quote
10
Genshin murder mystery
Explore More
Trending Topics
Harry Potter
NBA
Marvel
Disney
Kpop
Anime
Crossword
NFL
Song
WWE
Pokémon
Country
The Office
Puzzle
Soccer
hide this ad
More By:
BluePikmin
Quiz
Plays
Rating
Category
Featured
Created
Pokémon (Gen V)
417,519
4.61
Gaming
Mar 9, 2011
Nintendo Series by Villains
64,756
3.69
Gaming
Sep 29, 2009
Mario Game Medley
41,705
4.24
Gaming
Dec 9, 2009
Nintendo Medley: 8-Bits Forever!
23,075
4.40
Gaming
Jan 25, 2010
Zelda Music Medley
20,109
4.03
Gaming
Jan 1, 2010
Go to Creator's Profile
Score Distribution
Quiz Creator Spotlight
BluePikmin
Follow
Send a Message
Quizzes Created
-
Created Quiz Play Count
-
More By This Creator
Popular Quizzes Today
1
Find the Countries of Europe - No Outlines Minefield
2
Find the US States - No Outlines Minefield
3
The Countries of the World
4
Popular People in 1961
5
1-10 Letter E Words III
6
US States
7
Find the US States
8
One Thing in Common: World Cities II
More Gaming Quizzes
Dragon Ball GT: Final Bout Characters
Quiz Lab
Trending Quizzes
Risky Map Clicking: Least Populous States A-Z
Humor Books: The Subtitles
1-10 Letter F Words
1-10 Letter G Words
One Thing in Common: United Kingdom
Recently Updated
Leaping Animals
pecheneg
Reality TV Shows (A-Z)
bhenderson79
Rickey Henderson's Hall of Fame Teammates
pecheneg
Champions League XIs: Arsenal
pecheneg
Quick Pick: Celebrities in WWE's Hall of Fame
aduchscher
A-Z Keypad Blitz II
pecheneg
Multiple Oscar Actors
pecheneg
Mystery Phrase Blitz: Oscar 'Best Actors'
pecheneg
F. Scott Fitzgerald Novels
LTH
Pick 3 Villains
ddd62291
Trending Topics
Disney
Marvel
NBA
Harry Potter
Kpop
Crossword
Anime
Soccer
Puzzle
WWE
Country
Song
NFL
The Office
Pokémon
Your Account Isn't Verified!
In order to create a playlist on Sporcle, you need to verify the email address you used during registration. Go to your
Sporcle Settings
to finish the process.
Report this User
Report this user for behavior that violates our
Community Guidelines
.
Details:
Send Report
Go to the Sporcle.com Mobile Site →
Comments